000 00315nam a2200157Ia 4500
100 _aBergquist/Carl J
650 _aIC
942 _cBK
366 _f25
245 _aIC Projects
260 _bPrompt publishers
_c2008
082 _a621.3
_bBER
300 _a212
546 _aENGLISH
_cPAMPHALETS
999 _c20271
_d20271